हमारे जीवन-मूल्य / (Record no. 120945)
[ view plain ]
| 000 -LEADER | |
|---|---|
| fixed length control field | 01130nam a22002777a 4500 |
| 003 - CONTROL NUMBER IDENTIFIER | |
| control field | dpl |
| 005 - DATE AND TIME OF LATEST TRANSACTION | |
| control field | 20181022165021.0 |
| 008 - FIXED-LENGTH DATA ELEMENTS--GENERAL INFORMATION | |
| fixed length control field | 181022b ||||| |||| 00| 0 eng d |
| 010 ## - LIBRARY OF CONGRESS CONTROL NUMBER | |
| LC control number | A-820644 |
| 020 ## - INTERNATIONAL STANDARD BOOK NUMBER | |
| Terms of availability | 150.00 |
| 035 ## - SYSTEM CONTROL NUMBER | |
| System control number | A-820644 |
| 037 ## - SOURCE OF ACQUISITION | |
| Source of stock number/acquisition | BPPD/PUB |
| 040 ## - CATALOGING SOURCE | |
| Original cataloging agency | DPL |
| Language of cataloging | HN |
| Transcribing agency | 0 |
| 082 ## - DEWEY DECIMAL CLASSIFICATION NUMBER | |
| Classification number | 808.84 |
| Item number | शर्माशं |
| 100 ## - MAIN ENTRY--PERSONAL NAME | |
| Personal name | शर्मा, शंकर दयाल |
| 9 (RLIN) | 93508 |
| 245 ## - TITLE STATEMENT | |
| Title | हमारे जीवन-मूल्य / |
| Statement of responsibility, etc | शंकर दयाल शर्मा |
| 246 ## - VARYING FORM OF TITLE | |
| Title proper/short title | Hamare jeewan mulya / |
| Remainder of title | by Shanker Dayal Sharma |
| 260 ## - PUBLICATION, DISTRIBUTION, ETC. (IMPRINT) | |
| Place of publication, distribution, etc | नई दिल्ली |
| Name of publisher, distributor, etc | प्रवीण प्रकाशन |
| Date of publication, distribution, etc | 1996 |
| 270 ## - ADDRESS | |
| Address | 1/1079 ई, महरौली |
| City | नई दिल्ली |
| Postal code | 110030 |
| 300 ## - PHYSICAL DESCRIPTION | |
| Extent | 127पृ. |
| Dimensions | 21सेमी(सजिल्द) |
| 650 ## - SUBJECT ADDED ENTRY--TOPICAL TERM | |
| Topical term or geographic name as entry element | नागरिकता का बोध |
| 9 (RLIN) | 93509 |
| 650 ## - SUBJECT ADDED ENTRY--TOPICAL TERM | |
| Topical term or geographic name as entry element | नारी शिक्षा का महत्तव |
| 9 (RLIN) | 93510 |
| 650 ## - SUBJECT ADDED ENTRY--TOPICAL TERM | |
| Topical term or geographic name as entry element | Perception of citizenship |
| 9 (RLIN) | 93511 |
| 650 ## - SUBJECT ADDED ENTRY--TOPICAL TERM | |
| Topical term or geographic name as entry element | Importance of women education |
| 9 (RLIN) | 93512 |
| 942 ## - ADDED ENTRY ELEMENTS (KOHA) | |
| Source of classification or shelving scheme | Dewey Decimal Classification |
| Koha item type | Hindi Books |
| Classification part | 808.84 |
| Call number suffix | शर्माशं |
| Withdrawn status | Lost status | Damaged status | Not for loan | Home library | Current library | Date acquired | Source of acquisition | Cost, normal purchase price | Total Checkouts | Full call number | Barcode | Date last seen | Copy number | Cost, replacement price | Price effective from | Koha item type | Source of classification or shelving scheme | Collection code |
|---|---|---|---|---|---|---|---|---|---|---|---|---|---|---|---|---|---|---|
| Central Library | Central Library | 29/09/2015 | Cen Lib/Ret | 150.00 | 808.84 शर्माशं | A-829607 | 29/09/2015 | 1 | 150.00 | 29/09/2015 | Hindi Books | |||||||
| Shahdara Branch | Shahdara Branch | 22/10/2018 | BPPD/PUB | 150.00 | 808.84 शर्माशं | A-820644 | 22/10/2018 | 150.00 | 22/10/2018 | Hindi Books | Dewey Decimal Classification | Non-fiction |
